000 01012nac a22002897a 4500
001 BR8107278
003 BR-BrBNA
005 20240105115127.0
008 230509b bl.|||m| |||| 00| 0 por d
040 _aBR-BrBNA
_bpor
_cBiblioteca Nacional de Agricultura
072 _aF23; F24
090 _aF23 BR8107278
100 1 _aNeves, A.D. de S.
110 1 _aComissao Executiva do Plano da Lavoura Cacaueira, Belem, PA (Brasil). Depto. Especial da Amazonia
_92095
245 1 _aLevantamento e aptidao agricola dos solos de Cameta [Para, Brasil]
260 3 _aBelem, PA (Brasil):
_c1981.
300 _a21 p.
490 _aComunicado Tecnico - Comissao Executiva do Plano da Lavoura Cacaueira. Depto. Especial da Amazonia (Brazil)
_vno. 19
_x
500 _a6 illus.; 5 ref.; Map. Scale l:l000,000
650 _aCACAU
650 _aRECONHECIMENTO DO SOLO
650 _aSOLO
650 _aAPTIDAO AGRICOLA
650 _aPARA
909 _a202312
_bLúcia Elande
_c55
_dLúcia Elande
942 _2AGRIS
_n0
_cMS
999 _c273207
_d273207